000 00352 a2200097 4500
245 0 0 _aElementy urządzeń mikrofalowych - Falowody prostokątne płaskie Główne wymiary PN-71/T-80335 /
_cMin. Przem. Maszynowego.
246 1 3 _aPN-71/T-80335
246 1 3 _a621.372.822
260 _aWarszawa :
_bMin. Przem. Maszynowego,
_c1971.
300 _a2 stron ;
_c30 cm.
650 _aPolska norma
999 _c19527
_d19527